| 000 | 00664nam a22001937a 4500 | ||
|---|---|---|---|
| 999 |
_c195703 _d195703 |
||
| 005 | 20230418150926.0 | ||
| 010 | _aENG-136704 | ||
| 020 |
_a9789351480365 _c180.00 |
||
| 035 | _aEN-120236 | ||
| 037 | _bDBAD/PUB | ||
| 082 | _a226.06 | ||
| 100 | _aGeorge, Samuel | ||
| 245 |
_aThe Gospel As Public Truth: _cBy Samuel George _bAn Indian Multi Religious Perspective On Lesslie Newbigin/ |
||
| 250 | _aFirst | ||
| 260 |
_aNew Delhi _bChristian World Imprints _c2015 |
||
| 270 |
_aH-12, Bali Nagar _bNew Delhi _e110015 _k+911125465325 _minfo@christianworldimprints.com |
||
| 300 |
_axxiii,112p.; _c21cm(pbk) _bindex |
||
| 942 |
_2ddc _cEN _mGEO _h226.06 |
||